| 000 | 007690000a22001930004500 | ||
|---|---|---|---|
| 020 | _a958-9100-32-5 | ||
| 041 | 0 | _aSPA | |
| 082 | 0 | 4 | _aG 001.4 H8689m |
| 100 | 1 | _aHoyos Botero, Consuelo | |
| 245 | 1 | 0 | _aUn modelo para investigación documental : Guía teórico-práctica sobre construcción de estados del arte con importantes reflexiones sobre la investigación / Consuelo Hoyos Botero |
| 260 | _aMedellín : Señal | ||
| 300 | _a118 Pag | ||
| 505 | 0 | 0 | _aPreliminares: hacia una cultura de investigación -- Aproximación teórica a los estados del arte -- Guía practica para la construcción de estados del arte |
| 001 | 12124 | ||
| 942 | _cBK | ||
| 999 |
_c41152 _d41152 |
||
| 336 |
_atexto _btxt _2rdacontent |
||
| 337 |
_2rdamedia _asin mediación _bn |
||
| 338 |
_2rdacarrier _avolumen _bnc |
||